Toán Học Cao Cấp tập 1 Đại số và hình học giải tích

Kaydedildi:
Detaylı Bibliyografya
Yazar: Nguyễn Đình Trí
Diğer Yazarlar: Tạ Văn Đĩnh, Nguyễn Hồ Quỳnh
Materyal Türü: Kitap
Dil:Vietnamese
Baskı/Yayın Bilgisi: H. Giáo dục 2008
Edisyon:Tái bản lần thứ mười ba
Konular:
Etiketler: Etiketle
Etiket eklenmemiş, İlk siz ekleyin!
Thư viện lưu trữ: Mạng thư viện Đại học Đà Nẵng
LEADER 01227nam a2200349 4500
001 000013062
003 9395
005 20120914100910.0
008 120307s2008 viesd
020 |c 23500 
041 0 |a vie 
082 |a 510  |b NG-T 
100 0 |a Nguyễn Đình Trí 
245 1 0 |a Toán Học Cao Cấp  |c Nguyễn Đình Trí (ch.b.), Tạ Văn Đĩnh, Nguyễn Hồ Quỳnh  |n tập 1  |p Đại số và hình học giải tích 
250 |a Tái bản lần thứ mười ba 
260 |a H.  |b Giáo dục  |c 2008 
300 |a 391 tr.  |c 20 cm 
653 |a toán học 
653 |a giải tích 
700 |a Tạ Văn Đĩnh 
700 |a Nguyễn Hồ Quỳnh 
773 |b tái bản lần thứ 2  |d giáo dục  |d 1999  |t Toán Học Cao Cấp  |w 4221 
OWN |a LSP 
AVA |a UDN50  |b LSP  |d 510 NG-T  |e check_holdings  |t Error 5003 Not defined in file expand_doc_bib_avail.  |h N  |k 1 
999 |a From the UDN01 
AVA |a UDN50  |b LSP  |d 510 NG-T  |e available  |t Error 5001 Not defined in file expand_doc_bib_avail.  |f 261  |g 6  |h N  |i 30  |k 1 
TYP |a Monograph 
TYP |a Printed language 
980 |a Mạng thư viện Đại học Đà Nẵng